00735 a2200385 4500000002100000001000700021005001700028008004100045010000500086020000500091082001800096100002000114110000500134245006300139250000500202260003300207300001000240490000700250500000500257600000500262610000500267611000500272630000500277650000500282651000500287654000500292700000900297710000900306711000500315720000500320730000500325740000500330752000500335856000900340BKB 07199720200902151124.0  a a a306.072bS48R1 aSellnow, Deanna a1 aThe rhetorical power of popular culturecby Deanna Sellnow a aLondonbSage Publisherc2009 a199p. av a a a a a a a a abc abc a a a a a adf